"The End of the Jewish Sacrificial Cult," Hebrew Union College Annual, 1967, 38:137-48

Saved in:  
Bibliographic Details
Main Author: Guttmann, Alexander 1908-1994 (Author)
Format: Print Article
Language:English
Check availability: HBZ Gateway
Interlibrary Loan:Interlibrary Loan for the Fachinformationsdienste (Specialized Information Services in Germany)
Published: 1990
In: Origins of Judaism ; 6: History of the Jews in the first century of the Common Era
Year: 1990, Pages: 229-240

MARC

LEADER 00000naa a22000002c 4500
001 1906787794
003 DE-627
005 20241025033702.0
007 tu
008 241025s1990 xx ||||| 00| ||eng c
020 |a 0824081773 
035 |a (DE-627)1906787794 
035 |a (DE-599)KXP1906787794 
040 |a DE-627  |b ger  |c DE-627  |e rda 
041 |a eng 
084 |a 0  |2 ssgn 
100 1 |e VerfasserIn  |0 (DE-588)1047063905  |0 (DE-627)777461552  |0 (DE-576)400377535  |4 aut  |a Guttmann, Alexander  |d 1908-1994 
109 |a Guttmann, Alexander 1908-1994 
245 1 0 |a "The End of the Jewish Sacrificial Cult," Hebrew Union College Annual, 1967, 38:137-48 
264 1 |c 1990 
336 |a Text  |b txt  |2 rdacontent 
337 |a ohne Hilfsmittel zu benutzen  |b n  |2 rdamedia 
338 |a Band  |b nc  |2 rdacarrier 
773 0 8 |i Enthalten in  |t Origins of Judaism ; 6: History of the Jews in the first century of the Common Era  |d New York, NY [u.a.] : Garland, 1990  |g (1990), Seite 229-240  |h XVII, 662 S.  |w (DE-627)1099557305  |w (DE-576)029557305  |z 0824081773  |7 nnam 
773 1 8 |g year:1990  |g pages:229-240 
935 |a mteo 
951 |a AR 
ELC |b 1 
ITA |a 1  |t 1 
LOK |0 000 xxxxxcx a22 zn 4500 
LOK |0 001 4602385729 
LOK |0 003 DE-627 
LOK |0 004 1906787794 
LOK |0 005 20241025032914 
LOK |0 008 241025||||||||||||||||ger||||||| 
LOK |0 035   |a (DE-Tue135)1099557305_1990_229 
LOK |0 040   |a DE-Tue135  |c DE-627  |d DE-Tue135 
LOK |0 092   |o n 
LOK |0 852   |a DE-Tue135 
LOK |0 852 1  |9 00 
LOK |0 935   |a imwa  |a ixau  |a rwrk 
LOK |0 939   |a 25-10-24  |b l01 
ORI |a SA-MARC-ixtheoa001.raw 
REL |a 1 
SUB |a REL